Visualizzazione normale
Vista MARC
- Ferro R.
di Personal Name
Records bibliografici associati: 1
001 - CONTROL NUMBER
- control field: 25813
003 - CONTROL NUMBER IDENTIFIER
- control field: IT-RoPau
005 - DATE AND TIME OF LATEST TRANSACTION
- control field: 20140520211023.0
008 - FIXED-LENGTH DATA ELEMENTS
- fixed length control field: 140520|| aca||aabn | a|a d
040 ## - CATALOGING SOURCE
- Original cataloging agency: IT-RoPau
- Transcribing agency: IT-RoPau
100 ## - HEADING--PERSONAL NAME
- Personal name: Ferro R.
- Miscellaneous information: Codice autore SPICS: 27003
- Relator term: Autore
- Name of part/section of a work: Non rimane che un addio (Un adios a media voz) - Piccole grandi cose (A flor de pel)
670 ## - SOURCE DATA FOUND
- Source citation: Work cat.: (IT-RoPau)99594: AA.VV. 794, Manuela